| 000 | 00514nam a2200217Ia 4500 | ||
|---|---|---|---|
| 003 | OSt | ||
| 005 | 20221005123613.0 | ||
| 006 | a|||||r|||| 00| 0 | ||
| 007 | ta | ||
| 008 | 221004b |||||||| |||| 00| 0 eng d | ||
| 024 | _a118747 | ||
| 037 | _cTextual | ||
| 040 |
_aCRL _cCRL _beng |
||
| 041 |
_2eng _aeng |
||
| 100 |
_aRose - Innes A C _9633892 |
||
| 245 | 0 | _aLow temperature techniques | |
| 260 | _c1964 | ||
| 650 | _aCHEMISTRY | ||
| 942 |
_cTEXL _2cc |
||
| 999 |
_c1047905 _d1047905 |
||